00421nam a2200121Ia 4500008004100000041000800041100004000049260005000089245010400139250000600243300000700249700004300256220805s9999 xx 000 0 und d amar aसबनीस, मिलिंद aPunebBhartiya vichar sadhana prakashanc2022 aसमाजाला एकत्रित बांधणारा भक्तीमार्ग a1 a36 aनिपानेकर, विजय